Geboren in Darmstadt - Statistiken

Allgemein
  • Dieses Quiz wurde 86 mal gespielt
    46 seit der letzten Aktualisierung
  • Das Durchschnittsergebnis liegt bei 3 aus 18
Antwortstatistiken
Hinweis Antwort % Korrekt
Gründer des Pharmakonzerns Merck 1794 Heinrich Emanuel Merck
82%
Trainer (Stuttgart, HSV, Hertha und Wolfsburg) und früherer Fußballer (SV Darmstadt 98, Hamburger SV und Bayern München) 1966 Bruno Labbadia
44%
an Krebs verstorbene Fanlegende des SV Darmstadt 98 und Mitgründer des gemeinnützigen Vereins "Du musst kämpfen" 1990 Jonathan "Johnny" Heimes
33%
Frauenrechtlerin, Schriftstellerin und Schwester des "Woyzeck"-Autors 1821 Luise Büchner
28%
Chemiker und Namensgaber der Universität Gießen 1803 Justus Liebig
23%
Fußballnationalspieler, 1.FSV Mainz 05 2000 Jonathan Burkardt
18%
Schauspieler "Sissi"-Filme und Gründer des Hilfswerks "Menschen für Menschen" 1928 Karlheinz Böhm
18%
Schwimmer, wurde 2015 Weltmeister über 200 m Brust 1990 Marco Koch
13%
FDP-Politiker und Chefredakteur der Zeitschrift "Focus" 1936 Helmut Markwort
10%
Schriftsteller, "Datterich" 1815 Ernst Elias Niebergall
5%
letzte russische Zarin 1872 Alice von Hessen-Darmstadt
3%
letzter Großherzog von Hessen-Darmstadt 1868 Ernst Ludwig von Hessen-Darmstadt
3%
Autorin und Übersetzerin, "Malka Mai" "Bitterschokolade" 1940 Mirjam Pressler
3%
italienischer Fußballnationalspieler, FC Bologna 1991 Roberto Soriano
3%
Physiker, "äußerer Photoeffekt" 1859 Wilhelm Hallwachs
3%
Antisemitismus-Beauftragter der Bundesregierung seit 2018 1968 Felix Klein
0%
Schauspieler, "Der Zauberberg" 1915 Hans Christian Blech
0%
früherer Basketballspieler mit den zweitmeisten Einsätzen aller Zeiten für die deutsche Nationalmannschaft 1963 Hansi Gnad
0%
Keine übereinstimmenden Quizze gefunden
Verteilung der Resultate
Anzahl Personen mit jedem Resultat
Perzentil nach korrekt beantworteten Fragen
Ihre Resultats-Entwicklung
Sie haben dieses Quiz seit der letzten Aktualisierung nicht gespielt